LEADER 01930oam 2200481 450 001 9910716773503321 005 20210809121627.0 035 $a(CKB)5470000002524438 035 $a(OCoLC)1046079754 035 $a(EXLCZ)995470000002524438 100 $a20180726j200111 ua 0 101 0 $aeng 135 $aur||||||||||| 181 $ctxt$2rdacontent 182 $cc$2rdamedia 183 $acr$2rdacarrier 200 10$aAccounting for the tier 2 and heavy-duty 2005/2007 requirements in MOBILE6 $efinal report M6. EXH.004 /$fJohn W. Koupal 210 1$a[Washington, D.C.] :$cAssessment and Standards Division, Office of Transportation and Air Quality, U.S. Environmental Protection Agency,$dNovember 2001. 215 $a1 online resource (18 unnumbered pages) $ctables 300 $a"EPA420-R-01-057." 300 $a"November 2001." 320 $aIncludes bibliographical references. 517 $aAccounting for the tier 2 and heavy-duty 2005/2007 requirements in MOBILE6 606 $aAutomobiles$xMotors$xExhaust gas$zUnited States$xComputer programs 606 $aAir$xPollution$xStandards$zUnited States 606 $aAir$xPollution$xMeasurement$2fast 606 $aAutomobiles$xMotors$xExhaust gas$xMeasurement$2fast 608 $aTechnical reports.$2lcgft 615 0$aAutomobiles$xMotors$xExhaust gas$xComputer programs. 615 0$aAir$xPollution$xStandards 615 7$aAir$xPollution$xMeasurement. 615 7$aAutomobiles$xMotors$xExhaust gas$xMeasurement. 700 $aKoupal$b John W.$01393070 712 02$aUnited States.$bEnvironmental Protection Agency.$bOffice of Transportation and Air Quality.$bAssessment and Standards Division, 801 0$bELC 801 1$bELC 801 2$bOCLCF 801 2$bOCLCQ 801 2$bGPO 906 $aBOOK 912 $a9910716773503321 996 $aAccounting for the tier 2 and heavy-duty 2005$93499915 997 $aUNINA